| 000 | 00975 a2200241 4500 | ||
|---|---|---|---|
| 001 | 38580 | ||
| 005 | 20260407155648.0 | ||
| 008 | 260407a1986 arg spa d | ||
| 003 | AR-UNSa-BCEJYS | ||
| 040 |
_aAR-UNSa-BCEJYS _bspa _cAR-UNSa-BCEJYS |
||
| 080 |
_a330.34 _xDesarrollo Económico |
||
| 245 | 1 | 0 |
_aLa crisis del desarrollo argentino _pde la fustración al crecimiento vigoroso |
| 020 | _a950-02-6293-2 | ||
| 250 | _a2a. ed. | ||
| 264 | 1 |
_aBuenos Aires : _bEl Ateneo _c1986 |
|
| 300 |
_a195 p. _c19 cm. |
||
| 505 | _a1. Una visión de conjunto - 2. El desequilibrio dinámico interno y la crisis de acumulación - 3. La tendencia al desequilibrio exterior - 4. Las relaciones con los centros - 5. La crisis de las ideas - 6. Reflexiones finales | ||
| 041 | _aspa | ||
| 942 | _cBK | ||
| 590 | _aniveau_biblio:m niveau_hierar:0 | ||
| 100 | 1 | _aPrebisch, Raúl | |
| 856 | 4 | 1 |
_uhttps://biblioeco.unsa.edu.ar/pmb/images/libros/L125666.jpg _yImagen de portada _qimage/jpeg |
| 999 |
_c2901 _d2901 |
||